000 00678na a2200217 4500
001 19115
003 MIRAKIL
005 20181213155051.0
008 170116b tu 000 0
040 _aMilas
_btur
_cTR-AnCHP
041 _atur
082 _a370.9561
_bP36e 2014
090 _a370.9561 P36e 2014
100 _aPerçin, Mehmet
245 _aEğitim şart!
_bbir eğitimcinin gözünden AKP'nin eğitim politikası
_cMehmet Perçin
246 _abir eğitimcinin gözünden AKP'nin eğitim politikası
260 _aAnkara
_c2014
_fMattek Matbaacılık
300 _a90 s.
_bfotg.
_c21 sm.
650 _aEğitim
_xİktidar eleştirisi
_zTürkiye
942 _2dcc
_cBKS
999 _c5943
_d5943